| 000 | 01758nam1a2200277 i 4500 | ||
|---|---|---|---|
| 001 | RU\NLR\BIBL_A\011779029 | ||
| 005 | 20240921143942.0 | ||
| 035 | _a(NLR Aleph) 011779029 | ||
| 090 |
_a11766477 _c11766477 |
||
| 100 | _a20180829d2018 km y0rusy50 ca | ||
| 101 | 0 | _arus | |
| 102 | _aRU | ||
| 105 | _a||||j|||||||| | ||
| 200 | 1 |
_aНеорганическая химия _eлабораторные, семинарские и практические занятия _eучебное пособие для вузов _e[для студентов химического факультета Томского университета по специальности 01 1000-Химия _eв двух томах] _fН.А. Скорик, Л.П. Борило, Н.М. Коротченко _gМинистерство образования и науки Российской федерации, Национальный исстедовательский Томский государтсвенный университет |
|
| 205 | _aИзд. 2-е, перераб. и доп. | ||
| 210 |
_aТомск _cТомский государственный университет _d2018 |
||
| 215 | _d26 | ||
| 606 | 1 |
_aНеорганическая химия _jУчебные издания для высших учебных заведений _xЛабораторная практика _92553360 _3RU\NLR\AUTH\661510771 |
|
| 686 | 1 | _aГ1я73-5 | |
| 700 | 1 |
_aСкорик _bН. А. _gНина Алексеевна |
|
| 701 | 1 |
_aБорило _bЛ. П. _gЛюдмила Павловна |
|
| 701 | 1 |
_aКоротченко _bН. М. _gНаталья Михайловна |
|
| 852 |
_aNLR _j2018-7/4625 |
||
| 942 | _cBOOK | ||